000 00875nam a22002297a 4500
005 20100809124637.0
010 _aENG-99055
020 _a9788184350876
_c725.00
035 _aEN-82587
037 _bDBAD/PUB
082 _a332.6
100 _aAhluwalia, Hemant S.
_99275
245 _aModern investment theory /
_cby Hemant S. Ahluwalia
260 _aNew Delhi
_bAdhyayan Publishers & Distributors
_c2008
270 _a4378/4B, 105, J.M.D. House, Murari Lal Street, Ansari Road, Darya Ganj
_bNew Delhi
_e110002
300 _a272p.
_c23cm (Hb)
500 _aIncludes bibliographical references and index
650 _aInvestment analysis
_99276
650 _aPortfolio
_99277
942 _2ddc
_cEN
_h332.6
_mAHL
999 _c40335
_d40335